TH-SOF-1943-Detection of correct placement and presence of tubes on chest x-rays using Efficient Net (Record no. 586866)
[ view plain ]
| 000 -LEADER | |
|---|---|
| fixed length control field | 00428nam a22001337a 4500 |
| 040 ## - CATALOGING SOURCE | |
| Transcribing agency | NUST |
| 082 ## - DEWEY DECIMAL CLASSIFICATION NUMBER | |
| Classification number | 200 THE |
| 100 ## - MAIN ENTRY--PERSONAL NAME | |
| Personal name | Moneeb Abbas |
| 9 (RLIN) | 85026 |
| 110 ## - MAIN ENTRY--CORPORATE NAME | |
| Corporate name or jurisdiction name as entry element | Supervisor Dr. Muhammad Usman Akram |
| 9 (RLIN) | 85027 |
| 245 ## - TITLE STATEMENT | |
| Title | TH-SOF-1943-Detection of correct placement and presence of tubes on chest x-rays using Efficient Net |
| 260 ## - PUBLICATION, DISTRIBUTION, ETC. | |
| Place of publication, distribution, etc. | ISLAMABAD: |
| Name of publisher, distributor, etc. | NUST COLLEGE OF EME, |
| Date of publication, distribution, etc. | 2021. |
| 650 ## - SUBJECT ADDED ENTRY--TOPICAL TERM | |
| Topical term or geographic name entry element | MS-CSE-19 |
| 9 (RLIN) | 85028 |
| 942 ## - ADDED ENTRY ELEMENTS (KOHA) | |
| Source of classification or shelving scheme | |
| Koha item type | Thesis |
| Withdrawn status | Lost status | Source of classification or shelving scheme | Damaged status | Not for loan | Permanent Location | Current Location | Shelving location | Date acquired | Total Checkouts | Full call number | Barcode | Date last seen | Price effective from | Koha item type |
|---|---|---|---|---|---|---|---|---|---|---|---|---|---|---|
| College of Electrical & Mechanical Engineering (CEME) | College of Electrical & Mechanical Engineering (CEME) | Thesis | 11/24/2021 | 200 THE | TH-SOF-1943 | 11/24/2021 | 11/24/2021 | Reference |
